Trials and rewards of the entrepreneu

Bibliographic Details
Corporate Author: Harvard business review (Author)
Format: Book
Published: Boston, Mass. : Harvard Business Review , 1982
Subjects:

MARC

LEADER 00000cam a2200000 7i4500
001 0000009587
005 20021119093000.0
008 021119s1982
020 |a 0867352469 
090 0 0 |a HB615   |b .H373 
110 0 |a Harvard business review   |e author 
245 0 0 |a Trials and rewards of the entrepreneu   |c Harvard Business Review 
260 2 |a Boston, Mass. :   |b Harvard Business Review ,   |c 1982 
300 |a 150 p. ;   |c 28 cm. 
400 0 0 |a Harvard Business Review reprint series 
650 0 |a Entrepreneurship 
650 0 |a Reward (prizes, etc) 
999 |a 1000029002   |b Book   |c Reference   |e Gong Badak Campus